Представление документа в формате MARC21

Поле Инд. ПП Название Значение
Тип записи a
Библиографический уровень a
001 Контрольный номер RU/IS/BASE/262108499
005 Дата корректировки 20240116095637.3
084 a Индекс другой классификации/Индекс ББК 81.411.2-67
090 00 a Полочн. индекс 63.5(2=Рус)
x Авторский знак Р 893
100 10 a Автор Касаткин Л. Л.
245 00 a Заглавие Русские диалекты в свете языковой политики
650 04 a Основная рубрика русский язык
a Основная рубрика филологические науки
a Основная рубрика частное языкознание
a Основная рубрика языкознание
653 00 a Ключевые слова диалектизмы
a Ключевые слова диалектная среда
a Ключевые слова диалектология
a Ключевые слова диалекты
a Ключевые слова литературный язык
a Ключевые слова методика преподавания
a Ключевые слова национальная культура
a Ключевые слова национальный язык
a Ключевые слова нивелирование диалектов
a Ключевые слова преподавание русского языка
a Ключевые слова языковая политика
773 00 d Дата издания источника Москва, 1999
g Прочая информация Гл. 3. - С. 102-106
t Заглавие источника Русские
w Контрольный № источника RU/IS/BASE/102094566
901 t Тип документа a